[Event "DEM U10 2005"]
[Site "Willingen GER"]
[Date "2005.05.20"]
[Round "9"]
[White "Noe, Christopher"]
[Black "Osmanodja, Filiz"]
[Result "0-1"]
[Termination "normal"]
[Board "1"]
[WhiteElo "1509"]
[BlackElo "1518"]
[PlyCount "158"]
[WhiteFideId "24692018"]
[BlackFideId "24633569"]
[EventCountry "GER"]
[EventRounds "11"]
[EventType "swiss"]
[EventDate "2005.05.15"]

1. e4 c5 2. Nf3 d6 3. c3 Nf6 4. Bd3 Nc6 5. Bc2 Bg4 6. d3 g6 7. Nbd2 Bg7 8. h3
Bd7 9. O-O O-O 10. d4 cxd4 11. cxd4 Rc8 12. Re1 Qc7 13. a3 a6 14. Bb1 Qb6 15.
Nc4 Qc7 16. Ba2 b5 17. Ne3 Qa7 18. Nf1 Ne8 19. Be3 Qb7 20. Ng3 Na5 21. Nd2 Nc4
22. Nxc4 bxc4 23. Qc2 Qb6 24. Red1 Qc7 25. Rac1 d5 26. exd5 Nd6 27. b3 c3 28.
Rd3 Qa5 29. a4 Qxd5 30. Rxc3 Bxd4 31. Rd1 Rxc3 32. Qxc3 Bxc3 33. Rxd5 Rc8 34.
Rc5 Bb4 35. Rxc8+ Bxc8 36. Kf1 Bb7 37. Bb1 Bd5 38. Bc2 e5 39. f3 f5 40. Ne2 Nb7
41. Bd3 a5 42. Bc4 Bxc4 43. bxc4 Nd6 44. c5 Nc4 45. Bf2 Kf8 46. Nc1 Nb2 47. Be1
Nxa4 48. Bxb4 axb4 49. Nb3 Ke7 50. Ke2 Ke6 51. c6 Kd6 52. Kd3 Kxc6 53. Kc4 Nb2+
54. Kxb4 Nd3+ 55. Kc4 Ne1 56. Nc1 Nxg2 57. Ne2 Nf4 58. Ng1 Kd6 59. Kc3 Kd5 60.
Kd2 Kd4 61. Ke1 Ke3 62. Kf1 Ne6 63. Kg2 f4 64. Kf1 Nd4 65. Kg2 g5 66. h4 gxh4
67. Kh1 Nxf3 68. Ne2 Kxe2 69. Kg2 e4 70. Kh1 Ng5 71. Kg2 f3+ 72. Kh1 f2 73. Kh2
Nf3+ 74. Kh3 f1=Q+ 75. Kg4 Ne5+ 76. Kg5 h6+ 77. Kxh6 Qf6+ 78. Kh7 Qg6+ 79. Kh8
Nf7# 0-1

[Event "DEM U10 2005"]
[Site "Willingen GER"]
[Date "2005.05.20"]
[Round "9"]
[White "Kaphle, Sebastian"]
[Black "Schreiner, Till"]
[Result "1-0"]
[Termination "normal"]
[Board "2"]
[WhiteElo "1824"]
[BlackElo "1204"]
[PlyCount "49"]
[WhiteFideId "24626708"]
[BlackFideId "24675555"]
[EventCountry "GER"]
[EventRounds "11"]
[EventType "swiss"]
[EventDate "2005.05.15"]

1. e4 c5 2. Nf3 d6 3. d4 cxd4 4. Nxd4 Nf6 5. Nc3 a6 6. f3 e6 7. Be3 Be7 8. Qd2
Qc7 9. g4 h6 10. O-O-O b5 11. Nb3 Bb7 12. Kb1 Nbd7 13. h4 Rc8 14. Bg2 h5 15. g5
Nh7 16. f4 g6 17. Rhf1 Nhf8 18. f5 exf5 19. exf5 Bxg2 20. Qxg2 Qc6 21. Qe2 Qc4
22. Qe1 b4 23. Rd4 Qc6 24. Rxb4 d5 25. Rbf4 1-0

[Event "DEM U10 2005"]
[Site "Willingen GER"]
[Date "2005.05.20"]
[Round "9"]
[White "Göbel, Constantin"]
[Black "Klek, Hanna-Marie"]
[Result "1/2-1/2"]
[Termination "normal"]
[Board "3"]
[WhiteElo "1261"]
[BlackElo "1340"]
[PlyCount "148"]
[WhiteFideId "24647071"]
[BlackFideId "24670057"]
[EventCountry "GER"]
[EventRounds "11"]
[EventType "swiss"]
[EventDate "2005.05.15"]

1. e4 d5 2. exd5 Qxd5 3. Nc3 Qa5 4. d4 Bf5 5. Nf3 Nf6 6. Bc4 e6 7. Bd2 c6 8.
Nd5 Qd8 9. Nxf6+ gxf6 10. Qe2 Nd7 11. O-O-O Qc7 12. Nh4 Bg6 13. Nf3 O-O-O 14.
h4 h5 15. g3 Nb6 16. Bb3 Nd5 17. c4 Nb4 18. Bf4 Qd7 19. a3 Na6 20. d5 e5 21.
dxc6 Qxc6 22. Rxd8+ Kxd8 23. Rd1+ Kc8 24. Be3 Nc5 25. Bc2 Bxc2 26. Kxc2 Qe4+
27. Kd2 Nb3+ 28. Ke1 Bc5 29. Rd3 Bxe3 30. Rxe3 Qb1+ 31. Qd1 Qxd1+ 32. Kxd1 Rd8+
33. Kc2 Nc5 34. b4 Ne6 35. Rd3 Re8 36. Nd2 f5 37. Rd5 f4 38. Ne4 Kc7 39. Nf6
Re7 40. Kd3 fxg3 41. fxg3 Ng7 42. Ke4 Re6 43. Rd7+ Kc6 44. Rxf7 b6 45. Rxg7
Rxf6 46. Kxe5 Rf3 47. a4 a6 48. Rg6+ Kc7 49. c5 bxc5 50. bxc5 a5 51. g4 hxg4
52. Rxg4 Kc6 53. h5 Rh3 54. Rg5 Kxc5 55. Kf6+ Kb4 56. Rg4+ Kc5 57. Kg6 Kd6 58.
h6 Ke7 59. h7 Kf8 60. Rg5 Rh1 61. Rh5 Rxh5 62. Kxh5 Kg7 63. Kg5 Kxh7 64. Kf5
Kg7 65. Ke5 Kf7 66. Kd5 Ke7 67. Kc5 Kd7 68. Kb5 Kc7 69. Kxa5 Kb7 70. Kb5 Ka7
71. a5 Kb7 72. a6+ Ka7 73. Ka5 Kb8 74. Kb6 Ka8 1/2-1/2

[Event "DEM U10 2005"]
[Site "Willingen GER"]
[Date "2005.05.20"]
[Round "9"]
[White "Kuhn, Jan"]
[Black "Zier, Oliver"]
[Result "0-1"]
[Termination "normal"]
[Board "4"]
[WhiteElo "1164"]
[BlackElo "1563"]
[PlyCount "60"]
[BlackFideId "24631906"]
[EventCountry "GER"]
[EventRounds "11"]
[EventType "swiss"]
[EventDate "2005.05.15"]

1. e4 c5 2. Nf3 e6 3. d4 cxd4 4. Nxd4 Nf6 5. Nc3 Nc6 6. Ndb5 Bc5 7. Nd6+ Ke7 8.
Ndb5 a6 9. Na3 Qc7 10. Bg5 Rd8 11. Be2 h6 12. Bxf6+ Kxf6 13. O-O Ke7 14. Bg4
Ne5 15. Bh3 Bxa3 16. Nd5+ exd5 17. bxa3 Kf8 18. exd5 d6 19. Bxc8 Raxc8 20. Rc1
Re8 21. Re1 Nc4 22. Rxe8+ Rxe8 23. Qd3 Kg8 24. g3 Qc5 25. a4 Nb6 26. c4 Nxa4
27. Rb1 Nb6 28. Qb3 Nxc4 29. Qxb7 Nd2 30. Rb2 Qc1+ 0-1

[Event "DEM U10 2005"]
[Site "Willingen GER"]
[Date "2005.05.20"]
[Round "9"]
[White "Grewenig, Jan"]
[Black "Xu, Xianliang"]
[Result "0-1"]
[Termination "normal"]
[Board "6"]
[WhiteElo "1214"]
[BlackElo "1370"]
[PlyCount "60"]
[WhiteFideId "4657330"]
[BlackFideId "4603230"]
[EventCountry "GER"]
[EventRounds "11"]
[EventType "swiss"]
[EventDate "2005.05.15"]

1. e4 c5 2. Nf3 d6 3. d4 cxd4 4. Nxd4 Nf6 5. Nc3 g6 6. Be3 Bg7 7. Be2 O-O 8.
Qd2 Nc6 9. O-O-O Bd7 10. Bh6 Nxd4 11. Bxg7 Nxe2+ 12. Qxe2 Kxg7 13. f3 Qa5 14.
g4 b5 15. a3 Rfc8 16. Qe3 Rab8 17. h4 b4 18. Nb1 bxa3 19. Nxa3 Qb4 20. h5 Qxb2+
21. Kd2 Qb4+ 22. Ke2 Rc3 23. Qf4 Qxa3 24. Rd2 Rb2 25. hxg6 fxg6 26. Qh6+ Kf7
27. g5 Bb5+ 28. Kf2 Rxf3+ 29. Kg2 Rg3+ 30. Kf2 Ng4+ 0-1

[Event "DEM U10 2005"]
[Site "Willingen GER"]
[Date "2005.05.20"]
[Round "9"]
[White "Davydov, Ruven"]
[Black "Neumair, Jerome"]
[Result "1/2-1/2"]
[Termination "normal"]
[Board "7"]
[WhiteElo "1250"]
[BlackElo "1162"]
[PlyCount "34"]
[WhiteFideId "24666068"]
[BlackFideId "24672637"]
[EventCountry "GER"]
[EventRounds "11"]
[EventType "swiss"]
[EventDate "2005.05.15"]

1. d4 d5 2. e3 e6 3. Bd3 Nf6 4. f4 c5 5. c3 Nc6 6. Nf3 Qb6 7. O-O Bd7 8. Ne5
Be7 9. Nd2 Qc7 10. Qf3 a6 11. a3 h6 12. Qg3 O-O 13. Rf3 Rfc8 14. Qf2 Be8 15.
Rg3 Bf8 16. Ng4 Nxg4 17. Rxg4 Qe7 1/2-1/2

[Event "DEM U10 2005"]
[Site "Willingen GER"]
[Date "2005.05.20"]
[Round "9"]
[White "Babayev, Ramil"]
[Black "Gering, Samuel"]
[Result "1-0"]
[Termination "normal"]
[Board "8"]
[WhiteElo "1533"]
[BlackElo "1215"]
[PlyCount "61"]
[WhiteFideId "24664243"]
[BlackFideId "24604526"]
[EventCountry "GER"]
[EventRounds "11"]
[EventType "swiss"]
[EventDate "2005.05.15"]

1. e4 c6 2. Nc3 d5 3. Nf3 Bg4 4. h3 Bh5 5. g4 Bg6 6. exd5 cxd5 7. Bb5+ Nc6 8.
d4 e6 9. Ne5 Rc8 10. Bf4 Bd6 11. Nxg6 hxg6 12. Qd2 Qc7 13. Bxd6 Qxd6 14. a3 Nf6
15. O-O-O a6 16. Be2 b5 17. b4 Nd7 18. f4 Nb6 19. Rde1 O-O 20. h4 Nc4 21. Bxc4
bxc4 22. h5 gxh5 23. Rxh5 f6 24. f5 exf5 25. Rxf5 Ne7 26. Rh5 Rfe8 27. g5 f5
28. Qh2 Qxh2 29. Rxh2 Kf7 30. Rhe2 Rc6 31. Nxd5 1-0

[Event "DEM U10 2005"]
[Site "Willingen GER"]
[Date "2005.05.20"]
[Round "9"]
[White "Blübaum, Matthias"]
[Black "Schmitt, Katrin"]
[Result "1-0"]
[Termination "normal"]
[Board "9"]
[WhiteElo "1209"]
[BlackElo "1398"]
[PlyCount "149"]
[WhiteFideId "24651516"]
[BlackFideId "24654400"]
[EventCountry "GER"]
[EventRounds "11"]
[EventType "swiss"]
[EventDate "2005.05.15"]

1. d4 d5 2. c4 e6 3. Nc3 Nf6 4. cxd5 exd5 5. Bg5 c6 6. e3 Be7 7. Bd3 O-O 8.
Nge2 Nbd7 9. O-O Re8 10. Qc2 Nf8 11. f3 Be6 12. e4 a6 13. a3 a5 14. Rad1 Ng6
15. Rfe1 h6 16. Be3 Qd7 17. e5 Nh7 18. Bxg6 fxg6 19. Qxg6 Bf5 20. Qg3 Ng5 21.
Qf2 Qc7 22. Ng3 Bg6 23. Rc1 Qb6 24. f4 Nh7 25. f5 Rf8 26. Qc2 Be8 27. Nge2 Ng5
28. Nf4 Rd8 29. h4 Nh7 30. Ne6 Bxh4 31. Nxf8 Bxe1 32. Ne6 Rd7 33. Rxe1 Bf7 34.
Nc5 Re7 35. Qb3 Qc7 36. Bf4 Bh5 37. Qc2 Rf7 38. e6 Qxf4 39. exf7+ Bxf7 40. Qd3
b5 41. Rf1 Qh4 42. Ne6 Nf6 43. Qh3 Qxh3 44. gxh3 Nh5 45. Nf4 Nf6 46. Ng6 Nd7
47. Ne7+ Kf8 48. Nxc6 a4 49. Nxb5 Nb6 50. Ne5 Ke7 51. Nxf7 Kxf7 52. Nc3 Ke7 53.
Re1+ Kd6 54. Re6+ Kc7 55. Rxb6 Kxb6 56. Nxa4+ Kb5 57. Nc3+ Kc4 58. Ne2 Kb3 59.
Kf2 Ka4 60. Nc3+ Ka5 61. Nxd5 Kb5 62. f6 gxf6 63. Nxf6 Kc4 64. Ke3 Kb5 65. Ke4
Kc6 66. d5+ Kd6 67. b4 Kc7 68. b5 Kb6 69. d6 Kxb5 70. d7 Kc6 71. d8=Q Kc5 72.
Qc7+ Kb5 73. Nd7 h5 74. Qc5+ Ka6 75. Qb6# 1-0

[Event "DEM U10 2005"]
[Site "Willingen GER"]
[Date "2005.05.20"]
[Round "9"]
[White "Tran, Duc Cuong"]
[Black "Pauly, Carlo"]
[Result "1/2-1/2"]
[Termination "normal"]
[Board "10"]
[WhiteElo "1395"]
[BlackElo "1111"]
[PlyCount "20"]
[WhiteFideId "24689718"]
[BlackFideId "24673269"]
[EventCountry "GER"]
[EventRounds "11"]
[EventType "swiss"]
[EventDate "2005.05.15"]

1. e4 c5 2. Nf3 d6 3. d4 cxd4 4. Nxd4 Nf6 5. Nc3 Nc6 6. Be2 e6 7. O-O Be7 8.
Be3 O-O 9. f4 a6 10. Bf3 Qc7 1/2-1/2

[Event "DEM U10 2005"]
[Site "Willingen GER"]
[Date "2005.05.20"]
[Round "9"]
[White "Barzen, Pascal"]
[Black "Rozenfeld, Elisabeth"]
[Result "1-0"]
[Termination "normal"]
[Board "11"]
[WhiteElo "1204"]
[BlackElo "1383"]
[PlyCount "79"]
[WhiteFideId "24653497"]
[BlackFideId "4624742"]
[EventCountry "GER"]
[EventRounds "11"]
[EventType "swiss"]
[EventDate "2005.05.15"]

1. d4 d5 2. c4 Nc6 3. Nf3 Bg4 4. e3 e5 5. Be2 dxc4 6. Nxe5 Nxe5 7. dxe5 Bxe2 8.
Qxe2 Qd3 9. Qxd3 cxd3 10. O-O O-O-O 11. Rd1 Bc5 12. Nc3 Nh6 13. Na4 Bb4 14. Bd2
Bxd2 15. Rxd2 Ng4 16. Rad1 Nxe5 17. Nc5 Nc4 18. Rxd3 Rxd3 19. Rxd3 Nxb2 20. Rb3
Rd8 21. g3 Nc4 22. Rxb7 Rd1+ 23. Kg2 Rd2 24. Rxa7 Nxe3+ 25. Kf3 Kb8 26. Rb7+
Kc8 27. Kxe3 Rc2 28. Rb5 Rxa2 29. Ne4 Ra3+ 30. Kf4 Ra2 31. h4 g6 32. g4 Kd7 33.
f3 Ra4 34. Kg5 Ke7 35. Rb7 Rc4 36. Kf4 Rc6 37. g5 Rc4 38. Ke5 Kf8 39. Nf6 Rxh4
40. Rb8+ 1-0

[Event "DEM U10 2005"]
[Site "Willingen GER"]
[Date "2005.05.20"]
[Round "9"]
[White "Gisy, Roberto"]
[Black "Winterholler, Christina"]
[Result "1-0"]
[Termination "normal"]
[Board "12"]
[WhiteElo "1366"]
[BlackElo "1200"]
[PlyCount "137"]
[BlackFideId "24652105"]
[EventCountry "GER"]
[EventRounds "11"]
[EventType "swiss"]
[EventDate "2005.05.15"]

1. e4 e5 2. Nf3 Nc6 3. Nc3 Nf6 4. d4 Bb4 5. Nxe5 Nxe4 6. Qg4 Nxc3 7. Qxg7 Rf8
8. a3 Ba5 9. Nxc6 dxc6 10. Bd2 Nd5 11. Bxa5 Bf5 12. O-O-O Qd7 13. Re1+ Ne7 14.
Bb4 Be6 15. Bxe7 Qxe7 16. Bc4 Qd6 17. Bxe6 fxe6 18. Qxh7 O-O-O 19. Qh4 Rf4 20.
Qh6 Re8 21. f3 Rxd4 22. Rd1 c5 23. c3 Rd3 24. Qg6 Rxd1+ 25. Rxd1 Qe7 26. h4 Rh8
27. h5 b6 28. h6 Qh4 29. Qxe6+ Kb8 30. Re1 Rxh6 31. Qe8+ Kb7 32. Qe4+ Kc8 33.
Qxh4 Rxh4 34. Kd2 Rh2 35. Rg1 Kd7 36. Ke3 Ke6 37. b3 Ke5 38. f4+ Kf5 39. b4
cxb4 40. cxb4 c5 41. g4+ Kg6 42. Ke4 Rh7 43. bxc5 bxc5 44. Rc1 Rh3 45. Rxc5
Rxa3 46. Rc6+ Kf7 47. g5 Kg7 48. Kf5 Ra5+ 49. Kg4 Rd5 50. f5 Rd8 51. Rc7+ Kf8
52. Rxa7 Rd6 53. Kh5 Rd5 54. Kg6 Ke8 55. f6 Rd7 56. Rxd7 Kxd7 57. f7 Ke7 58.
Kg7 Ke6 59. f8=Q Ke5 60. Kh6 Ke4 61. g6 Ke3 62. g7 Ke2 63. g8=Q Ke3 64. Qg5+
Ke2 65. Qe5+ Kd2 66. Qfd6+ Kc2 67. Qec5+ Kb2 68. Qdb6+ Ka2 69. Qca5# 1-0

[Event "DEM U10 2005"]
[Site "Willingen GER"]
[Date "2005.05.20"]
[Round "9"]
[White "Große, Christian"]
[Black "Düssler, Stefanie"]
[Result "0-1"]
[Termination "normal"]
[Board "13"]
[WhiteElo "1347"]
[BlackElo "1087"]
[PlyCount "68"]
[WhiteFideId "24646156"]
[BlackFideId "4634780"]
[EventCountry "GER"]
[EventRounds "11"]
[EventType "swiss"]
[EventDate "2005.05.15"]

1. e4 d5 2. exd5 Qxd5 3. Nc3 Qa5 4. d4 c6 5. Nf3 Bf5 6. Bc4 Nf6 7. Bd2 Qc7 8.
O-O Nbd7 9. Re1 e6 10. Nh4 Bg6 11. Be3 O-O-O 12. Ne2 Bd6 13. h3 Rde8 14. a4 Be4
15. g3 Bd5 16. Bd3 h6 17. c3 g5 18. Ng2 Bxg2 19. Kxg2 Nd5 20. Bd2 f5 21. b4
Reg8 22. b5 c5 23. dxc5 Nxc5 24. Bb1 h5 25. c4 Nb6 26. Qc2 h4 27. a5 Na8 28. b6
Qc6+ 29. Kh2 hxg3+ 30. fxg3 g4 31. Nf4 Bxf4 32. gxf4 Rxh3+ 33. Kg1 Qh1+ 34. Kf2
Qf3+ 0-1

[Event "DEM U10 2005"]
[Site "Willingen GER"]
[Date "2005.05.20"]
[Round "9"]
[White "Sarchisov, Slavik"]
[Black "Strohmann, Marcel"]
[Result "1-0"]
[Termination "normal"]
[Board "14"]
[WhiteElo "1337"]
[BlackElo "1140"]
[PlyCount "73"]
[WhiteFideId "24647888"]
[EventCountry "GER"]
[EventRounds "11"]
[EventType "swiss"]
[EventDate "2005.05.15"]

1. e4 c6 2. Nc3 d5 3. Nf3 dxe4 4. Nxe4 Bf5 5. Ng3 Bg6 6. h4 h6 7. Ne5 Bh7 8.
Qh5 g6 9. Qf3 Nf6 10. Qb3 Qd5 11. Qxb7 c5 12. Bb5+ Kd8 13. Nxf7+ Qxf7 14. Qxa8
Qe6+ 15. Kf1 Qb6 16. a4 Bg8 17. Qf3 c4 18. d3 Bd5 19. Qe3 Qb7 20. f3 Qc7 21.
Qf4 Qxf4 22. Bxf4 Nbd7 23. dxc4 Be6 24. Rd1 Bg7 25. Be5 Ke8 26. c5 Bc4+ 27.
Bxc4 Nxe5 28. Ba2 Rf8 29. Ke2 Nfd7 30. Ne4 Nc6 31. c3 a5 32. Rd2 Nf6 33. Nxf6+
Rxf6 34. Rhd1 Rf4 35. g3 Rf5 36. Bd5 Ne5 37. Be6 1-0

[Event "DEM U10 2005"]
[Site "Willingen GER"]
[Date "2005.05.20"]
[Round "9"]
[White "Schröder, Björn"]
[Black "Müller, Alexander"]
[Result "1/2-1/2"]
[Termination "normal"]
[Board "15"]
[WhiteElo "1035"]
[BlackElo "1336"]
[PlyCount "33"]
[BlackFideId "4624696"]
[EventCountry "GER"]
[EventRounds "11"]
[EventType "swiss"]
[EventDate "2005.05.15"]

1. d4 d5 2. c4 c6 3. Nc3 e6 4. Bf4 Nf6 5. e3 b6 6. Nf3 Bb7 7. Bd3 Nbd7 8. O-O
Be7 9. Rc1 O-O 10. a3 h6 11. b4 Nh5 12. Ne2 Nxf4 13. Nxf4 Rc8 14. Bb1 Re8 15.
Qc2 Nf8 16. Ne5 Bf6 17. Ng4 1/2-1/2

[Event "DEM U10 2005"]
[Site "Willingen GER"]
[Date "2005.05.20"]
[Round "9"]
[White "Pfeiffer, Daniel"]
[Black "Spangenberg, Romy"]
[Result "1/2-1/2"]
[Termination "normal"]
[Board "16"]
[WhiteElo "1428"]
[BlackElo "1239"]
[PlyCount "58"]
[WhiteFideId "24641960"]
[BlackFideId "4627997"]
[EventCountry "GER"]
[EventRounds "11"]
[EventType "swiss"]
[EventDate "2005.05.15"]

1. e4 e5 2. Nf3 Nf6 3. Nxe5 Qe7 4. d4 d6 5. Nf3 Qxe4+ 6. Be2 Bf5 7. c4 Be7 8.
Nc3 Qc2 9. Qxc2 Bxc2 10. Bf4 Nbd7 11. Rc1 Bf5 12. O-O O-O 13. Rfe1 Rfe8 14.
Rcd1 Rad8 15. Bd3 Bxd3 16. Rxd3 Bf8 17. Rde3 Rxe3 18. Rxe3 g6 19. Nb5 Rc8 20.
h3 a6 21. Nc3 Bg7 22. Kf1 Kf8 23. Ke2 Re8 24. b3 Rxe3+ 25. Kxe3 h5 26. Bg5 Ke7
27. Nd5+ Kd8 28. Nc3 Ke7 29. Nd5+ Kd8 1/2-1/2

[Event "DEM U10 2005"]
[Site "Willingen GER"]
[Date "2005.05.20"]
[Round "9"]
[White "Kyas, Philipp"]
[Black "Nitsche-Hahn, Maxim"]
[Result "1-0"]
[Termination "normal"]
[Board "17"]
[WhiteElo "1273"]
[BlackElo "1356"]
[PlyCount "85"]
[WhiteFideId "24670936"]
[BlackFideId "4613090"]
[EventCountry "GER"]
[EventRounds "11"]
[EventType "swiss"]
[EventDate "2005.05.15"]

1. d4 f5 2. Nf3 g6 3. Bf4 Bg7 4. e3 Nf6 5. c4 O-O 6. Bd3 d6 7. h3 Nbd7 8. Ng5
Nb8 9. Qb3 c6 10. Nf3 Kh8 11. Nc3 Qe8 12. h4 b6 13. a4 h6 14. Ke2 Nbd7 15. d5
Nc5 16. Qc2 cxd5 17. cxd5 Bb7 18. Bc4 Nce4 19. Rad1 Nxc3+ 20. bxc3 Ne4 21. Rd3
Rc8 22. Bb5 Qd8 23. Nd4 Bxd4 24. exd4 Kh7 25. Rdh3 Bxd5 26. Qc1 h5 27. Ba6 Rc7
28. c4 Ba8 29. f3 Nf6 30. Kf2 Nd7 31. Bg3 Nb8 32. Qg5 Rf7 33. Bf4 Qf8 34. Rg3
Qg7 35. Bb5 a6 36. Be8 Rf6 37. Re1 Rc8 38. Rxe7 Qxe7 39. Bxg6+ Kg8 40. Bxf5+
Kh8 41. Qxh5+ Rh6 42. Qxh6+ Qh7 43. Qxh7# 1-0

[Event "DEM U10 2005"]
[Site "Willingen GER"]
[Date "2005.05.20"]
[Round "9"]
[White "Grünwald, Sven"]
[Black "Gitter, Lucas"]
[Result "1/2-1/2"]
[Termination "normal"]
[Board "18"]
[WhiteElo "1323"]
[BlackElo "1187"]
[PlyCount "53"]
[WhiteFideId "24629642"]
[BlackFideId "24667587"]
[EventCountry "GER"]
[EventRounds "11"]
[EventType "swiss"]
[EventDate "2005.05.15"]

1. e4 e5 2. Nf3 Nf6 3. Bc4 Bc5 4. Nc3 Nc6 5. d3 d6 6. Bg5 h6 7. Bxf6 Qxf6 8.
Nd5 Qd8 9. c3 Be6 10. Ne3 Bxe3 11. fxe3 Bxc4 12. dxc4 Qe7 13. O-O O-O 14. Nd2
Qg5 15. Qf3 Rae8 16. Rae1 Re6 17. Qf5 Rg6 18. Qxg5 Rxg5 19. Rf3 Ne7 20. Ref1
Ng6 21. g3 c6 22. Kh1 Ne7 23. a3 Nc8 24. b3 Nb6 25. a4 a5 26. Rf5 Rg6 27. Kg2
1/2-1/2

[Event "DEM U10 2005"]
[Site "Willingen GER"]
[Date "2005.05.20"]
[Round "9"]
[White "Günthner, Arthur"]
[Black "Lebeda, Timo"]
[Result "1-0"]
[Termination "normal"]
[Board "19"]
[WhiteElo "1245"]
[BlackElo "1315"]
[PlyCount "61"]
[BlackFideId "4638565"]
[EventCountry "GER"]
[EventRounds "11"]
[EventType "swiss"]
[EventDate "2005.05.15"]

1. e4 e5 2. Nf3 Nc6 3. Bb5 Nf6 4. O-O Bc5 5. h3 d6 6. Re1 O-O 7. c3 Be6 8. d4
exd4 9. cxd4 Bb4 10. Nc3 d5 11. e5 Ne4 12. Qd3 Bf5 13. Qe3 Nxc3 14. bxc3 Ba5
15. Bd2 Re8 16. Qf4 Bg6 17. Nh4 Re6 18. Qg4 a6 19. Ba4 Ne7 20. f4 Be4 21. Bb3
b5 22. f5 Rc6 23. f6 Ng6 24. Rxe4 dxe4 25. Nxg6 hxg6 26. Qxg6 Qf8 27. Bh6 Bxc3
28. Bxg7 Bxd4+ 29. Kh1 Bc5 30. Bxf8+ Kxf8 31. Qxf7# 1-0

[Event "DEM U10 2005"]
[Site "Willingen GER"]
[Date "2005.05.20"]
[Round "9"]
[White "Gheng, Michael Dan"]
[Black "Stuhler, Kilian"]
[Result "1-0"]
[Termination "normal"]
[Board "20"]
[WhiteElo "1368"]
[BlackElo "1087"]
[PlyCount "67"]
[EventCountry "GER"]
[EventRounds "11"]
[EventType "swiss"]
[EventDate "2005.05.15"]

1. e4 e5 2. Nf3 Nc6 3. Bc4 Nf6 4. d4 exd4 5. Nxd4 Nxe4 6. O-O Nf6 7. Re1+ Ne7
8. Nc3 c6 9. Nf5 d5 10. Nxe7 Bxe7 11. Bd3 O-O 12. Bg5 Re8 13. Qe2 Bd7 14. Qd2
Ng4 15. Bxe7 Rxe7 16. Rxe7 Qxe7 17. Re1 Qd6 18. g3 Ne5 19. Qf4 f6 20. h4 Re8
21. Kh1 Qe6 22. Bf1 Qf5 23. Qxf5 Bxf5 24. f4 Bxc2 25. fxe5 fxe5 26. Kg2 d4 27.
Ne4 d3 28. Rc1 Rd8 29. Nd2 e4 30. Re1 Re8 31. Rxe4 Rxe4 32. Nxe4 Kf7 33. Kf2
Ke6 34. Ke3 1-0

[Event "DEM U10 2005"]
[Site "Willingen GER"]
[Date "2005.05.20"]
[Round "9"]
[White "Riebold, Johannes"]
[Black "Pohl, Theresa"]
[Result "0-1"]
[Termination "normal"]
[Board "21"]
[WhiteElo "1221"]
[BlackElo "1049"]
[PlyCount "74"]
[EventCountry "GER"]
[EventRounds "11"]
[EventType "swiss"]
[EventDate "2005.05.15"]

1. d4 d5 2. c4 c6 3. e3 Nf6 4. Nf3 g6 5. Nc3 Bg7 6. Bd3 O-O 7. O-O dxc4 8. Bxc4
Bf5 9. Re1 Bg4 10. h3 Bxf3 11. Qxf3 Nbd7 12. Bd2 e5 13. Rad1 Re8 14. Bc1 e4 15.
Qg3 b5 16. Bb3 Nb6 17. Rd2 a5 18. a3 a4 19. Ba2 Nbd5 20. Bxd5 Nxd5 21. Rc2 b4
22. Nxd5 Qxd5 23. axb4 Rab8 24. Bd2 Qb3 25. Rec1 Bf8 26. Qg4 Bxb4 27. Qe2 a3
28. Bxb4 Rxb4 29. bxa3 Qxa3 30. Rxc6 Rb2 31. R6c2 Reb8 32. Rxb2 Rxb2 33. Qe1
Kg7 34. Qc3 Qa2 35. Rf1 Rc2 36. d5+ Rxc3 37. d6 Rd3 0-1

[Event "DEM U10 2005"]
[Site "Willingen GER"]
[Date "2005.05.20"]
[Round "9"]
[White "Titgemeyer, Sven"]
[Black "Collmer, Dominik"]
[Result "1/2-1/2"]
[Termination "normal"]
[Board "22"]
[WhiteElo "1041"]
[BlackElo "1216"]
[PlyCount "56"]
[WhiteFideId "24676934"]
[BlackFideId "4620763"]
[EventCountry "GER"]
[EventRounds "11"]
[EventType "swiss"]
[EventDate "2005.05.15"]

1. e4 c5 2. c3 Nc6 3. d4 cxd4 4. cxd4 e6 5. Nc3 Bb4 6. Nf3 Nf6 7. Bd3 O-O 8.
Bg5 Be7 9. e5 Nd5 10. Bxe7 Ndxe7 11. Nb5 Qa5+ 12. Nc3 Nd5 13. Qd2 Ncb4 14. O-O
Nxd3 15. Qxd3 b6 16. Ng5 g6 17. Qh3 h5 18. Nge4 Bb7 19. Nxd5 Bxd5 20. Nf6+ Kg7
21. Nxd7 Rh8 22. Nf6 Bc6 23. Rac1 Bb5 24. Rfd1 Qxa2 25. Rd2 Qa5 26. Rdc2 Rac8
27. Rxc8 Rxc8 28. Qe3 Rc4 1/2-1/2

[Event "DEM U10 2005"]
[Site "Willingen GER"]
[Date "2005.05.20"]
[Round "9"]
[White "Dang, An-Hai"]
[Black "Rührmund, Daniel"]
[Result "0-1"]
[Termination "normal"]
[Board "23"]
[WhiteElo "1038"]
[BlackElo "1201"]
[PlyCount "68"]
[BlackFideId "24674583"]
[EventCountry "GER"]
[EventRounds "11"]
[EventType "swiss"]
[EventDate "2005.05.15"]

1. e4 c5 2. Nf3 e6 3. c3 Nf6 4. e5 Nd5 5. d4 cxd4 6. cxd4 a6 7. Qb3 b5 8. Be3
Bb7 9. Be2 Nc6 10. O-O Rc8 11. Nbd2 d6 12. exd6 Bxd6 13. Ne4 O-O 14. a4 b4 15.
Bc4 Na5 16. Bxd5 Nxb3 17. Bxb7 Rc7 18. Bxa6 Nxa1 19. Rxa1 f5 20. Neg5 Qf6 21.
Re1 h6 22. Nh3 g5 23. Bxg5 hxg5 24. Nhxg5 Re8 25. Bb5 Ree7 26. b3 Bf4 27. Nh3
e5 28. g3 e4 29. Nxf4 exf3 30. Rxe7 Qxe7 31. Nd5 Rc1+ 32. Bf1 Rxf1+ 33. Kxf1
Qe2+ 34. Kg1 Qe1# 0-1

[Event "DEM U10 2005"]
[Site "Willingen GER"]
[Date "2005.05.20"]
[Round "9"]
[White "Steinicke, Rebecca"]
[Black "Pältz, Sebastian"]
[Result "0-1"]
[Termination "normal"]
[Board "24"]
[WhiteElo "1019"]
[BlackElo "1196"]
[PlyCount "104"]
[BlackFideId "24648027"]
[EventCountry "GER"]
[EventRounds "11"]
[EventType "swiss"]
[EventDate "2005.05.15"]

1. e4 d5 2. exd5 Qxd5 3. Nc3 Qa5 4. Nf3 Nf6 5. Bc4 Bg4 6. O-O e6 7. a3 c6 8. h3
Bh5 9. d3 Qc7 10. Bd2 Bd6 11. Qe1 Bxf3 12. gxf3 O-O 13. Ne4 Nxe4 14. Qxe4 Nd7
15. d4 Nf6 16. Qh4 Bh2+ 17. Kh1 Bd6 18. Bd3 Be7 19. Bg5 Rfe8 20. Bxf6 Bxf6 21.
Qxh7+ Kf8 22. h4 Qf4 23. Qe4 Qxh4+ 24. Qxh4 Bxh4 25. Kg2 Rad8 26. c3 e5 27. Rh1
g5 28. Rae1 exd4 29. Rxe8+ Kxe8 30. c4 Kf8 31. f4 Re8 32. Kf3 Bxf2 33. Kxf2
gxf4 34. Rh8+ Ke7 35. Rxe8+ Kxe8 36. Kf3 Ke7 37. Kxf4 Ke6 38. c5 Kd5 39. b4 a5
40. Bh7 axb4 41. axb4 Kc4 42. Ke4 d3 43. Ke3 Kxb4 44. Kd4 d2 45. Bc2 f5 46. Kd3
f4 47. Kxd2 Kxc5 48. Ke2 b5 49. Kf3 b4 50. Kxf4 Kd4 51. Ba4 c5 52. Kf5 c4 0-1